[Event "DSOL 08 Liga Gr-D 1st"]
[Site "Playchess.com INT"]
[Date "2020.06.22"]
[Round "1.4"]
[White "Nain, Medhansh"]
[Black "Martin, Bernhard"]
[Result "0-1"]
[WhiteElo "767"]
[BlackElo "1209"]
[PlyCount "36"]
[EventDate "2020.06.22"]
[EventType "team-tourn (rapid)"]
[EventCountry "GER"]
[SourceTitle "EXT 2021"]
[Source "ChessBase"]
[SourceDate "2020.10.23"]
[SourceVersion "1"]
[SourceVersionDate "2020.10.23"]
[SourceQuality "1"]
[WhiteTeam "Bickenbach III"]
[BlackTeam "Plochingen II"]
[WhiteTeamCountry "GER"]
[BlackTeamCountry "GER"]

1. e4 b6 2. d4 Bb7 3. Bf4 Bxe4 4. Nc3 Bb7 5. Nf3 e6 6. Bd3 Nf6 7. Nb5 Na6 8. 0-0 c6 9. Nd6+ Bxd6 10. Bxd6 Nd5 11. Qe2 Nac7 12. Ne5 Qg5 13. Qf3 f6 14. Nc4 Nb5 15. Bf4 Nxf4 16. Be4 d5 17. Bxd5 cxd5 18. Qd3 Qxg2# 0-1